000 01194cam a22001934a 4500
005 20250605163931.0
008 250528s ||||||||||||||||||||||||d
035 _a14701
020 _a140551484
040 _aGR-AtMCL
_bgre
_dGR-AtMCL
_eAACR2
245 1 _aStructural Anthropology / Volume 2
260 _bPenguin Books,
_c1973
300 _a384
520 _aThe writer provides additional contributions to important topics in our intellectual and cultural life. Preface, Perspective Views, The Scope of Anthropology, What Ethnology Owes to Durkhein, The Work of the Bureau of American Ethnology and Its Lessons, Comparative Religions of Nonliterate Peoples, Social Organization, The Meaning and Use of the Notion of Model, Reflections on the Atom of Kinship, Mythology and Ritual, The Story of Asdiwal, Four Winnebago Myths, The Sex of the Sun and Moon, How Myths Die, Humanism and the Humanities, Answers to Some Investigations, Scientific Criteria in the Social and Human Disciplines, Cultural Discontinuity and Economic and Social Development, Race and History, Bibliography, Index.
700 1 _aLevi-Strauss Claude
_9239
942 _cBK
999 _c322
_d322